50 Anos do cd̤igo tributr̀io nacional

Detalles Bibliográficos
Autor principal: de Barros Carvalho, Paulo
Otros Autores: de Souza, Priscila
Formato: eBook
Lenguaje:portugués
Publicado: San Pablo: Editora Noeses, 2016
Materias:
Acceso en línea:Acceso restringido

MARC

LEADER 00000nam a22000007a 4500
005 20210802235252.0
007 cr|||| ||||
008 210802s2016 br |||||s|||| 00||0 por d
020 |a 978-85-203-080-5 
035 |a 34813 
040 |a vLex 
090 |c 11879  |d 11879 
100 1 |a de Barros Carvalho, Paulo 
245 1 0 |a 50 Anos do cd̤igo tributr̀io nacional  |h [Recurso electrn̤ico] /  |c Paulo de Barros Carvalho - Priscila de Souza 
256 |a Servicio en ln̕ea 
260 |a San Pablo:  |b Editora Noeses,  |c 2016 
300 |a 1 recurso electrn̤ico 
500 |a Esta obra lanȧ um olhar histr̤ico sobre a vign̊cia da Lei nð 5.172/66 e o que significou seu advento em termos de sistematizaȯ̂ do Direito Tributr̀io no Brasil. Os temas abordados no Congresso do Instituto Brasileiro de Estudos Tributr̀ios em homenagem aos 50 anos do Cd̤igo Tributr̀io Nacional foram colocados na obra em formato de 52 artigos, os quais abordam temas como: CPC/2015 e o CTN; responsabilidade tributr̀ia; tributaȯ̂ da renda; PIS/COFINS; planejamento tributr̀io; conflito de competn̊cia em matřia tributr̀ia; tributaȯ̂ internacional; processo administrativo fiscal; contribuiė̳s previdencir̀ias, queste̳s tributr̀ias municipais; direito aduaneiro; guerra fiscal; infraė̳s tributr̀ias, dentre outros 
506 1 |a Disponible solo en los productos indicados  |d vLex Global  |d vLex Global (Academic Edition, excluding Law Schools)  |d vLex Global (U.S. Academic Edition, Law Schools)  |d vLex Global (U.S. Academic Edition, excluding Law Schools)  |d vLex Global (Academic Edition, Law Schools) 
650 0 4 |a Derecho Tributario  |z Brasil 
700 1 |a de Souza, Priscila 
740 0 |a vLex Libros (Servicio en ln̕ea) 
856 4 0 |u https://app.vlex.com/#/sources/34813  |z Acceso restringido 
942 |c BOOK 
999 0 |a Tax Law